01750nam a2200349 a 4500001001200000003000800012006001900020007001500039008004100054010001700095020001500112040002100127035002000148050002900168082001800197245011400215260003800329300002200367490004900389500022000438500007000658504005100728533015200779650004000931655002900971700002701000710001701027711016101044830005201205856012601257999001701383ebr10052985CaPaEBRm u cr cn|||||||||980113s1998 nyua sb 101 0 eng  z 98005078  z0306458268 aCaPaEBRcCaPaEBR a(OCoLC)7075559914aQC793.3.Q35bC644 1998eb04a539.7/54822100aConfinement, duality, and nonperturbative aspects of QCDh[electronic resource] /cedited by Pierre van Baal. aNew York :bPlenum Press,cc1998. ax, 550 p. :bill.1 aNATO ASI series. Series B, Physics ;vv. 368 a"Proceedings of a NATO Advanced Study Institute and Isaac Newton Institute Workshop on Confinement, Duality, and Non-Perturbative Aspects of QCD, held June 23-July 4, 1997, in Cambridge, United Kingdom"--T.p. verso. a"Published in cooperation with NATO Scientific Affairs Division." aIncludes bibliographical references and index. aElectronic reproduction.bPalo Alto, Calif. :cebrary,d2013.nAvailable via World Wide Web.nAccess may be limited to ebrary affiliated libraries. 0aQuantum chromodynamicsvCongresses. 7aElectronic books.2local1 aBaal, P. vanq(Pierre)2 aebrary, Inc.2 aNATO Advanced Study Institute and Isaac Newton Institute Workshop on Confinement, Duality, and Non-Perturbative Aspects of QCDd(1997 :cCambridge, England) 0aNATO ASI series.nSeries B,pPhysics ;vv. 368.40uhttp://site.ebrary.com/lib/rucke/Doc?id=10052985zAn electronic book accessible through the World Wide Web; click to view c65125d65125